000 00511nam a22001937a 4500
003 Ost
005 20260226093558.0
008 260226b |||||||| |||| 00| 0 eng d
020 _a9780070415324
040 _cBT-PhCST
050 _a25658-25659
082 _222
_a658.562
_bMEN
100 _a Menon, H. G
245 _aTQM in new product manufacturing /
260 _aNew Delhi :
_bMcGraw Hill Education,
_cc1992.
300 _axi, 263 p. :
_bill. ;
_c23 cm.
500 _aIncludes index.
942 _2ddc
_cMEC
999 _c10159
_d10159